[Event "6. Hradec Kralove Open 2015"]
[Site "Hradec Kralove CZE"]
[Date "2015.10.11"]
[Round "9.1"]
[White "Golcman, Evgeny"]
[Black "Kozusek, Daniel"]
[Result "1/2-1/2"]
[WhiteElo "2164"]
[BlackElo "2279"]
[PlyCount "56"]
[EventDate "2015.10.04"]
[EventType "swiss"]
[EventRounds "9"]
[EventCountry "CZE"]
[Source "lmi"]
[SourceDate "2015.10.04"]

1. c4 Nf6 2. Nc3 e5 3. g3 Bb4 4. Qb3 c5 5. Bg2 Nc6 6. d3 O-O 7. Bd2 Re8 8. e3
e4 9. Nxe4 Nxe4 10. dxe4 Bxd2+ 11. Kxd2 b5 12. cxb5 Qa5+ 13. Ke2 Rb8 14. a4 a6
15. Nh3 axb5 16. axb5 Rxb5 17. Rxa5 Rxb3 18. Rxc5 Rxb2+ 19. Kd1 Ba6 20. Rc2 Rb3
21. Bf1 Bxf1 22. Rxf1 Rxe4 23. Rd2 Ne5 24. Ke2 h6 25. Nf4 Ra4 26. h4 Rc3 27.
Rfd1 Nc4 28. Nd5 Rb3 1/2-1/2

[Event "6. Hradec Kralove Open 2015"]
[Site "Hradec Kralove CZE"]
[Date "2015.10.11"]
[Round "9.2"]
[White "Sucharda, David"]
[Black "Pulpan, Jakub"]
[Result "0-1"]
[WhiteElo "1943"]
[BlackElo "2306"]
[PlyCount "90"]
[EventDate "2015.10.04"]
[EventType "swiss"]
[EventRounds "9"]
[EventCountry "CZE"]
[Source "lmi"]
[SourceDate "2015.10.04"]

1. d4 e6 2. c4 Nf6 3. Nc3 Bb4 4. Nf3 O-O 5. g3 c5 6. Bg2 cxd4 7. Nxd4 a6 8. O-O
Qc7 9. Qb3 Be7 10. Bd2 Nc6 11. Nxc6 bxc6 12. Rac1 Rb8 13. Qc2 d6 14. e4 e5 15.
c5 dxc5 16. Na4 Be6 17. b3 c4 18. bxc4 Nd7 19. Rb1 Nc5 20. Nxc5 Bxc5 21. Rxb8
Rxb8 22. Rb1 Rxb1+ 23. Qxb1 Qa7 24. Qf1 Bd4 25. Qe2 Qb6 26. Be1 Qb1 27. Bf1 c5
28. Kg2 Bd7 29. f3 Ba4 30. Qd2 Bc2 31. a3 g6 32. Bf2 Qb3 33. Be2 Bb1 34. Qc1
Bd3 35. Bxd3 Qxd3 36. Qf1 Qc2 37. Kg1 Bxf2+ 38. Qxf2 Qxc4 39. Kg2 Qd4 40. Qc2
Kg7 41. f4 exf4 42. gxf4 c4 43. Kf3 f6 44. Kg3 Qe3+ 45. Kg4 h5+ 0-1

[Event "6. Hradec Kralove Open 2015"]
[Site "Hradec Kralove CZE"]
[Date "2015.10.11"]
[Round "9.3"]
[White "Liduch, Filip"]
[Black "Navratil-Sen., Jiri"]
[Result "1/2-1/2"]
[WhiteElo "2032"]
[BlackElo "2054"]
[PlyCount "43"]
[EventDate "2015.10.04"]
[EventType "swiss"]
[EventRounds "9"]
[EventCountry "CZE"]
[Source "lmi"]
[SourceDate "2015.10.04"]

1. e4 c5 2. Nf3 d6 3. d4 cxd4 4. Nxd4 Nf6 5. Nc3 a6 6. Be2 e6 7. O-O Qc7 8. f4
Bd7 9. Kh1 Nc6 10. Be3 Be7 11. Qe1 Nxd4 12. Bxd4 Bc6 13. Bf3 O-O 14. Qg3 Rfd8
15. e5 Ne8 16. f5 exf5 17. Bxc6 Qxc6 18. Rxf5 dxe5 19. Bxe5 Bd6 20. Re1 Bxe5
21. Rexe5 Nf6 22. Qf4 1/2-1/2

[Event "6. Hradec Kralove Open 2015"]
[Site "Hradec Kralove CZE"]
[Date "2015.10.11"]
[Round "9.4"]
[White "Kuba, Stanislav"]
[Black "Paldus, Petr"]
[Result "1-0"]
[WhiteElo "2148"]
[BlackElo "2033"]
[PlyCount "103"]
[EventDate "2015.10.04"]
[EventType "swiss"]
[EventRounds "9"]
[EventCountry "CZE"]
[Source "lmi"]
[SourceDate "2015.10.04"]

1. g3 e5 2. c4 c5 3. Nc3 Nc6 4. Bg2 Nf6 5. a3 g6 6. e3 Bg7 7. Nge2 O-O 8. O-O
d6 9. d4 Bd7 10. Rb1 exd4 11. exd4 cxd4 12. Nxd4 Nxd4 13. Qxd4 Bc6 14. Qh4 Bxg2
15. Kxg2 Nd7 16. Bg5 f6 17. Be3 f5 18. Qxd8 Rfxd8 19. Nb5 Ne5 20. b3 a6 21. Nc7
Rac8 22. Bg5 Rd7 23. Nd5 Re8 24. Rfd1 Nf7 25. Be3 h6 26. a4 Ne5 27. h3 Kf7 28.
Rd2 g5 29. Rbd1 Ke6 30. Bb6 Rc8 31. f4 gxf4 32. gxf4 Ng6 33. Kf3 Bf6 34. Nxf6
Kxf6 35. Rxd6+ Rxd6 36. Rxd6+ Kf7 37. Rd7+ Ke6 38. Rxb7 Rg8 39. Bf2 Ra8 40.
Rb6+ Kf7 41. Rb7+ Ke6 42. Ra7 Rxa7 43. Bxa7 Kd6 44. b4 Kc6 45. b5+ Kb7 46. Bc5
h5 47. Bd6 Nh8 48. c5 Nf7 49. Be7 a5 50. Ke3 Nh8 51. Bd8 Nf7 52. Bxa5 1-0

[Event "6. Hradec Kralove Open 2015"]
[Site "Hradec Kralove CZE"]
[Date "2015.10.11"]
[Round "9.5"]
[White "Nosek, Jan"]
[Black "Sernecki, Franciszek"]
[Result "1/2-1/2"]
[WhiteElo "1792"]
[BlackElo "1899"]
[PlyCount "62"]
[EventDate "2015.10.04"]
[EventType "swiss"]
[EventRounds "9"]
[EventCountry "CZE"]
[Source "lmi"]
[SourceDate "2015.10.04"]

1. e4 d6 2. c4 Nf6 3. Nc3 Nbd7 4. d4 e5 5. Nf3 Be7 6. Be2 O-O 7. h3 c6 8. O-O
a6 9. Re1 b5 10. a3 Bb7 11. Bf1 Qc7 12. Qc2 Rac8 13. Be3 Rfd8 14. Rad1 Nf8 15.
a4 b4 16. Na2 a5 17. dxe5 dxe5 18. c5 Ne6 19. Nc1 Rd7 20. Rxd7 Nxd7 21. Nb3 Rd8
22. Rd1 Nb8 23. Rxd8+ Bxd8 24. Bc4 Bc8 25. Qd3 Be7 26. Nfd2 Qa7 27. Bxe6 Bxe6
28. Nc4 Bxc4 29. Qxc4 Nd7 30. Kf1 h6 31. f3 Bf8 1/2-1/2

[Event "6. Hradec Kralove Open 2015"]
[Site "Hradec Kralove CZE"]
[Date "2015.10.11"]
[Round "9.6"]
[White "Majerik, Vladimir"]
[Black "Jiruse, Josef"]
[Result "0-1"]
[WhiteElo "1847"]
[BlackElo "2035"]
[PlyCount "110"]
[EventDate "2015.10.04"]
[EventType "swiss"]
[EventRounds "9"]
[EventCountry "CZE"]
[Source "lmi"]
[SourceDate "2015.10.04"]

1. d4 d5 2. Nf3 Nf6 3. Bf4 c6 4. c3 Bf5 5. Nbd2 Nbd7 6. e3 Ne4 7. Nxe4 Bxe4 8.
Be2 Qb6 9. Qb3 a5 10. O-O a4 11. Qxb6 Nxb6 12. Nd2 e6 13. Bc7 Nc8 14. Nxe4 dxe4
15. a3 Kd7 16. Be5 f6 17. Bg3 Bd6 18. c4 c5 19. Rfd1 Kc6 20. Rd2 Bxg3 21. hxg3
Nd6 22. Rad1 Rhd8 23. Kf1 Rd7 24. g4 Rad8 25. Ke1 b6 26. d5+ Kc7 27. f4 exf3
28. gxf3 e5 29. Bd3 e4 30. fxe4 Re7 31. e5 Rxe5 32. Re2 Rde8 33. Kf2 Ne4+ 34.
Kf3 Ng5+ 35. Kf2 Kd6 36. Bc2 Ra8 37. Kg3 h6 38. Kf2 Re7 39. Kg3 Nf7 40. Rc1 Ne5
41. Bb1 Rb7 42. e4 Rab8 43. Bc2 Ra7 44. Bd1 b5 45. cxb5 Rxb5 46. Rd2 c4 47. Be2
Rc5 48. Rc3 Rb7 49. Bd1 Ra5 50. Be2 Rb3 51. Rdc2 Rab5 52. Rxb3 axb3 53. Rc3 Kc5
54. Kf4 Kd4 55. Kf5 Rb6 0-1

[Event "6. Hradec Kralove Open 2015"]
[Site "Hradec Kralove CZE"]
[Date "2015.10.11"]
[Round "9.7"]
[White "Klucznik, Andre"]
[Black "Gromczak, Dariusz"]
[Result "0-1"]
[WhiteElo "1843"]
[BlackElo "2009"]
[PlyCount "88"]
[EventDate "2015.10.04"]
[EventType "swiss"]
[EventRounds "9"]
[EventCountry "CZE"]
[Source "lmi"]
[SourceDate "2015.10.04"]

1. Nf3 c5 2. g3 Nc6 3. Bg2 e5 4. d3 g6 5. O-O Bg7 6. c3 Nge7 7. Qa4 O-O 8. Qh4
d5 9. e4 dxe4 10. dxe4 f6 11. Bh6 Qe8 12. Bxg7 Kxg7 13. g4 g5 14. Qg3 Ng6 15.
h4 Nf4 16. Re1 Qe6 17. Nh2 b5 18. Nd2 b4 19. Bf1 h6 20. Bc4 Qe7 21. Ndf1 Be6
22. Ne3 Kh7 23. Bd5 Rac8 24. Rad1 Rfd8 25. Nhf1 bxc3 26. bxc3 Qf7 27. Bxe6 Qxe6
28. hxg5 Rxd1 29. Nxd1 fxg5 30. Nde3 Qxa2 31. Qh2 Rd8 32. Nf5 Qe6 33. N1e3 Ne7
34. Rb1 Rd7 35. f3 Nxf5 36. Nxf5 Qg6 37. Qb2 Qe8 38. Qh2 h5 39. Qa2 h4 40. Qa6
Qe6 41. Qb5 c4 42. Qb8 Ng6 43. Rb7 Qc6 44. Rxa7 Qc5+ 0-1

[Event "6. Hradec Kralove Open 2015"]
[Site "Hradec Kralove CZE"]
[Date "2015.10.11"]
[Round "9.8"]
[White "Pulpan, Matej"]
[Black "Pribyl, Viktor"]
[Result "1-0"]
[WhiteElo "1936"]
[BlackElo "1833"]
[PlyCount "65"]
[EventDate "2015.10.04"]
[EventType "swiss"]
[EventRounds "9"]
[EventCountry "CZE"]
[Source "lmi"]
[SourceDate "2015.10.04"]

1. e4 c5 2. c3 d6 3. d4 Nf6 4. Bd3 g6 5. Nf3 Bg7 6. Be3 Qc7 7. h3 O-O 8. O-O b6
9. Nbd2 Bb7 10. Nh2 Nbd7 11. f4 e5 12. fxe5 dxe5 13. d5 Ne8 14. c4 Nd6 15. g4
f6 16. Qc2 Rf7 17. Nhf3 Raf8 18. Nh4 a6 19. Rf2 Nb8 20. Raf1 g5 21. Nf5 Nxf5
22. exf5 a5 23. Ne4 Na6 24. a3 h6 25. Bd2 Rd8 26. h4 Qe7 27. hxg5 hxg5 28. Bxg5
fxg5 29. f6 Qd7 30. Rf5 Bh6 31. Nxg5 Bxg5 32. Rxg5+ Kf8 33. Qh2 1-0

[Event "6. Hradec Kralove Open 2015"]
[Site "Hradec Kralove CZE"]
[Date "2015.10.11"]
[Round "9.9"]
[White "Sedlacek, Jan"]
[Black "Hellmich, Juergen"]
[Result "1-0"]
[WhiteElo "1920"]
[BlackElo "1873"]
[PlyCount "53"]
[EventDate "2015.10.04"]
[EventType "swiss"]
[EventRounds "9"]
[EventCountry "CZE"]
[Source "lmi"]
[SourceDate "2015.10.04"]

1. e4 d5 2. exd5 Nf6 3. d4 Bg4 4. Be2 Bxe2 5. Qxe2 Qxd5 6. Nf3 Nc6 7. c4 Qf5 8.
O-O O-O-O 9. Be3 e5 10. d5 Nb4 11. Nc3 Nc2 12. Rac1 Nxe3 13. Qxe3 Bd6 14. c5 e4
15. Qg5 Qxg5 16. Nxg5 Bf4 17. Nxf7 Bxc1 18. Rxc1 Rhe8 19. Nxd8 Kxd8 20. Re1 Kd7
21. h3 b6 22. c6+ Kd6 23. Nb5+ Kc5 24. Nxc7 Re7 25. Ne6+ Kxd5 26. c7 Re8 27.
Nd8 1-0

[Event "6. Hradec Kralove Open 2015"]
[Site "Hradec Kralove CZE"]
[Date "2015.10.11"]
[Round "9.10"]
[White "Baraniuk, Andrej"]
[Black "Dumkova, Daniela"]
[Result "0-1"]
[WhiteElo "1579"]
[BlackElo "1906"]
[PlyCount "32"]
[EventDate "2015.10.04"]
[EventType "swiss"]
[EventRounds "9"]
[EventCountry "CZE"]
[Source "lmi"]
[SourceDate "2015.10.04"]

1. e4 c5 2. Nf3 d6 3. Bb5+ Bd7 4. Bxd7+ Qxd7 5. O-O Nc6 6. c4 Nf6 7. Nc3 e6 8.
d4 cxd4 9. Nxd4 Be7 10. Be3 O-O 11. Qe2 a6 12. Rfd1 Qc7 13. Rd2 Ne5 14. b3 Neg4
15. Bg5 d5 16. f3 Qxh2+ 0-1